Normal view
MARC view
- Problems, exercises, etc. Problems, exercises, etc
Entry Topical Term
001 - CONTROL NUMBER
- control field: 116074
003 - CONTROL NUMBER IDENTIFIER
- control field: NUST
005 - DATE AND TIME OF LATEST TRANSACTION
- control field: 20230912165807.0
008 - FIXED-LENGTH DATA ELEMENTS
- fixed length control field: 230912|| aca||aabn | a|a d
040 ## - CATALOGING SOURCE
- Original cataloging agency: NUST
- Transcribing agency: NUST
150 ## - HEADING--TOPICAL TERM
- Topical term or geographic name entry element: Problems, exercises, etc. Problems, exercises, etc
670 ## - SOURCE DATA FOUND
- Source citation: Work cat.: (NUST): Ivanov, Volodymyr, 116073, Environmental microbiology for engineers /
